ARRUPE JESUIT UNIVERSITY

CORONAVIRUS -STOP THE SPREAD - CLEAN,DISINFECT,COVER

Archaeology : (Record no. 128756)

MARC details
000 -LEADER
fixed length control field 01059cam a2200265 a 4500
001 - CONTROL NUMBER
control field 206230
003 - CONTROL NUMBER IDENTIFIER
control field ARRUPE
005 - DATE AND TIME OF LATEST TRANSACTION
control field 20190109151003.0
008 - FIXED-LENGTH DATA ELEMENTS--GENERAL INFORMATION
fixed length control field 990203s2000 nyuab b 001 0 eng
010 ## - LIBRARY OF CONGRESS CONTROL NUMBER
LC control number 99070861
020 ## - INTERNATIONAL STANDARD BOOK NUMBER
International Standard Book Number 0500281475 (pbk.)
040 ## - CATALOGING SOURCE
Original cataloging agency DLC
Transcribing agency DLC
Modifying agency DLC
050 00 - LIBRARY OF CONGRESS CALL NUMBER
Classification number SPC CC165
Item number .R46 2000
082 00 - DEWEY DECIMAL CLASSIFICATION NUMBER
Classification number 930.1
Edition number 21
300 ## - PHYSICAL DESCRIPTION
Other physical details ill. (some col.), maps ;
Dimensions 23 cm.
100 1# - MAIN ENTRY--PERSONAL NAME
Personal name Renfrew, Colin,
Dates associated with a name 1937-
9 (RLIN) 43929
245 10 - TITLE STATEMENT
Title Archaeology :
Remainder of title theories, methods, and practice /
Statement of responsibility, etc Colin Renfrew and Paul Bahn.
250 ## - EDITION STATEMENT
Edition statement 3rd ed.
260 ## - PUBLICATION, DISTRIBUTION, ETC. (IMPRINT)
Place of publication, distribution, etc New York :
Name of publisher, distributor, etc Thames and Hudson,
Date of publication, distribution, etc 2000.
300 ## - PHYSICAL DESCRIPTION
Extent 640 p. :
504 ## - BIBLIOGRAPHY, ETC. NOTE
Bibliography, etc Includes bibliographical references (p. 574-618) and index.
650 #0 - SUBJECT ADDED ENTRY--TOPICAL TERM
Topical term or geographic name as entry element Archaeology
Form subdivision Textbooks.
9 (RLIN) 43930
700 1# - ADDED ENTRY--PERSONAL NAME
Personal name Bahn, Paul G.
9 (RLIN) 43931
906 ## - LOCAL DATA ELEMENT F, LDF (RLIN)
a 7
b cbc
c orignew
d 2
e opcn
f 19
g y-gencatlg
942 ## - ADDED ENTRY ELEMENTS (KOHA)
Source of classification or shelving scheme Library of Congress Classification
Koha item type SPC
Holdings
Withdrawn status Lost status Source of classification or shelving scheme Damaged status Not for loan Home library Current library Date acquired Total Checkouts Full call number Barcode Date last seen Price effective from Koha item type
    Library of Congress Classification     ARRUPE LIBRARY ARRUPE LIBRARY 09/01/2019   SPC CC165 .R46 2000 46600002389 09/01/2019 09/01/2019 SPC

 

Arrupe Library. PO Box MP320 Mt Pleasant, Harare, Zimbabwe
263 242 745411|librarian@aju.ac.zw